000 00333nam a22001457a 4500
003 SGT
020 _a9788119613960
082 _a615.5
_bCHO
100 _aCHOUHAN DEEPESH
245 _aTEXTBOOK OF PHARMACOTHERAPEUTICS
260 _aINDIA
_bIP PUB
_c2025
300 _a108
650 _aPHARMACOTHERAPEUTICS
942 _2ddc
_cBK
999 _c34232
_d34232